000 00772nam a2200217 i 4500
001 42423
003 ES-MaACL
005 20240530062935.0
007 t|
008 030324s1836 sp ||||1| spa d
080 _a342.4(460)"1812"(094.5)
110 1 _aEspaña.
_tConstitución, 1812
_93652
245 1 0 _aConstitución política de la monarquía española, promulgada en Cádiz a 19 de marzo de 1812 /
_creimpresa de orden de S.M. la reina gobernadora.
260 _aMadrid :
_b[s.n.],
_c1836 (
_fImp. Nacional)
300 _a120 p. ;
_c14 cm.
650 4 _911292
_aConstituciones-
_zEspaña
655 7 _aConstituciones
_9226828
_2tgfbne
852 _aES-MaACL
_jD-517(1)
_q. - Encuadernado con otras obras
942 _2udc
999 _c42423
_d42423